Vzťah medzi kapitálovou primeranosťou a ziskovosťou bánk SR podľa požiadaviek BASEL III diplomová práca
Gespeichert in:
| 1. Verfasser: | |
|---|---|
| Körperschaft: | |
| Weitere Verfasser: | |
| Format: | Buch |
| Sprache: | Slowakisch |
| Veröffentlicht: |
Bratislava
2018
|
| Tags: |
Keine Tags, Fügen Sie das erste Tag hinzu!
|
MARC
| LEADER | 00000nbm a2200000 4500 | ||
|---|---|---|---|
| 001 | 0244305 | ||
| 005 | 20181126144106.9 | ||
| 041 | 0 | |a slo | |
| 044 | |a SK | ||
| 245 | 1 | 0 | |a Vzťah medzi kapitálovou primeranosťou a ziskovosťou bánk SR podľa požiadaviek BASEL III |b diplomová práca |c Ivana Sekelská ; školiteľ: Mária Schwarzová |
| 264 | 1 | |a Bratislava |c 2018 | |
| 300 | |a 63 s. | ||
| 100 | 1 | |a Sekelská, Ivana | |
| 700 | 1 | |a Schwarzová, Mária | |
| 710 | 2 | |a Národohospodárska fakulta EU. Katedra bankovníctva a medzinárodných financií | |